UITU Library & LRC     

Digital Consumer Electronics Handbook (Record no. 4171)

MARC details
000 -LEADER
fixed length control field 00470nam a2200181Ia 4500
008 - FIXED-LENGTH DATA ELEMENTS--GENERAL INFORMATION
fixed length control field 240925s9999 xx 000 0 und d
020 ## - INTERNATIONAL STANDARD BOOK NUMBER
International Standard Book Number 70341435
082 ## - DEWEY DECIMAL CLASSIFICATION NUMBER
Classification number 621.382 JUR
100 ## - MAIN ENTRY--PERSONAL NAME
Personal name Jurgen ,Ronald K.
245 #0 - TITLE STATEMENT
Title Digital Consumer Electronics Handbook
250 ## - EDITION STATEMENT
Edition statement NA
260 ## - PUBLICATION, DISTRIBUTION, ETC.
Place of publication, distribution, etc. Toronto:
Name of publisher, distributor, etc. Mc Graw-Hill
Date of publication, distribution, etc. ,1997.
300 ## - PHYSICAL DESCRIPTION
Extent xiii,786p.
Other physical details NA
Type of unit Original
500 ## - GENERAL NOTE
General note Includes Index
600 ## - SUBJECT ADDED ENTRY--PERSONAL NAME
Personal name Electronic Engineering
650 ## - SUBJECT ADDED ENTRY--TOPICAL TERM
Topical term or geographic name entry element Technology
942 ## - ADDED ENTRY ELEMENTS (KOHA)
Koha item type Books
Holdings
Withdrawn status Lost status Damaged status Not for loan Collection Home library Current library Date acquired Source of acquisition Cost, normal purchase price Total checkouts Full call number Barcode Date last seen Price effective from Koha item type
        Electrical Engineering UITU Library UITU Library 02/06/1998 Royal Book Company 5203.00   621.382 JUR Q1672 09/25/2024 09/25/2024 Books

Powered by Koha